| 000 | 01133nam a2200313 a 4500 | ||
|---|---|---|---|
| 001 | 000111686 | ||
| 003 | CHAP | ||
| 005 | 20220329144225.0 | ||
| 008 | 150720s2015 mx sm |||||||spa d | ||
| 010 | _a108147 | ||
| 011 | _a109119 | ||
| 040 | _cCHAP | ||
| 090 | _aTesis | ||
| 100 | 1 |
_aFonseca Moctezuma, Noemi _9129622 |
|
| 245 | 1 | 0 |
_aEstudio de factibilidad técnico-económico para la instalación de una panadería en Colonia Juárez, Oaxaca. _h[En línea] _cpor Noemi Fonseca Moctezuma. |
| 260 |
_aChapingo, Méx. : _bEl autor, _c2015. |
||
| 500 | _aPara ver el contenido del material haga clic en la liga | ||
| 502 | _aTesis (Ing. Agroindustrial) -- UACH. Departamento de Ingeniería Agroindustrial | ||
| 590 |
_aE5765TAJ _b05 _c20150720 _lUCH01 _h1150 |
||
| 590 |
_aE5765TAJ _b05 _c20150720 _lUCH01 _h1150 |
||
| 650 | 1 | 4 |
_aEstudios de factibilidad. _938520 |
| 650 | 1 | 4 |
_aIndustria panificadora. _957906 |
| 650 | 1 | 4 |
_aPan _xConsumo. _985042 |
| 650 | 1 | 4 |
_aProyectos _xFinanciamiento. _992526 |
| 856 |
_aFinding aid _uhttp://10.13.5.2/tesis/sist111686.pdf _zTeclea aquí |
||
| 901 | _aBK | ||
| 942 | _cTESIS | ||
| 942 | _n0 | ||
| 999 |
_c108147 _d108147 |
||